000 00650nam a2200217 4500
003 OSt
005 20240610074811.0
006 a
008 240610b |||||||| |||| 00| 0 eng d
020 _a0761989234
040 _aDWCL-Main lib.
_cOC
082 _aCirc. 158.7 S741j 1997
100 _aSpector, Paul E
245 _aJob satisfaction : application, assessment, causes and consequences /
260 _aThousand Oaks, California :
_bSAGE Pub.,
_cc1997.
300 _avii,
_b96 p. ;
_c23 cm.
504 _aIncludes bibliographical references.
650 _a1. Job satisfaction.
700 _aPaul E. Spector
942 _2ddc
_n0
_cBK-CIRC
_kCirc.
999 _c481
_d481